| 000 | 01170nam a22003017a 4500 | ||
|---|---|---|---|
| 005 | 20241231144225.0 | ||
| 007 | cr |||aaa||||| | ||
| 008 | 241226s2022 mx|||||go|||| 00| 0 spa d | ||
| 020 | _a9786075204345 | ||
| 040 |
_aMX-MxUPN _bspa _cMX-MxUPN _eaacr2 |
||
| 041 | _aspa | ||
| 050 | 4 | _aML3920 | |
| 100 | 1 |
_aGutiérrez Sandoval, Pavel Roel _954920 |
|
| 245 | 1 | 0 |
_aEducación musical aplicada e intervenciones arteterapéuticas _h[recurso electrónico en línea] |
| 250 | _aPrimera edición | ||
| 260 |
_aCiudad Juárez, Chihuahua : _bUniversidad Autónoma de Ciudad Juárez, _c2022. |
||
| 300 |
_a1 recurso en línea (179 páginas) : _bPDF |
||
| 504 | _aIncluye referencias bibliográficas. | ||
| 506 | 0 | _aAcceso abierto | |
| 650 | 2 |
_aMUSICA Y NIÑOS _922166 |
|
| 650 | 4 |
_aMúsica _xEstudio y enseñanza _9174 |
|
| 650 | 0 |
_aTrastorno por déficit de atención con hiperactividad _953508 |
|
| 700 | 1 |
_aCervantes Holguín, Evangelina _954925 _eprólogo |
|
| 700 | 1 |
_aRonquillo Chávez, Cely Celene _954919 _eprólogo |
|
| 856 | 4 | 0 | _uhttps://elibros.uacj.mx/omp/index.php/publicaciones/catalog/book/206 |
| 902 | _bMaríaRobles/191224 | ||
| 942 |
_2lcc _cLIBRO-E |
||
| 999 |
_c212324 _d212324 |
||